000 00777nam a22002177a 4500
999 _c1664
_d1664
003 AR-CdUCM
008 190227b ||||| |||| 00| 0 spa d
020 _a9972267040
040 _aMUNICIPALIDAD PROVINCIAL DEL CUSCO
_cBIBLIOTECA MUNICIPAL DEL CUSCO
082 _a398.6 /
_bR72
100 _aRoca Wallparimachi, Demetrio
_96182
245 _aCultura andina /
260 _aPerú :
_bInstituto Nacional de Cultura - Cusco
_c2005.
300 _a498 páginas ;
_c22.5 cm.
_bImagenes
505 _aEl torito de pukará -- Tradiciones, mitos y ritos -- Ciclo vital del hombre -- Danzas -- Fiestas religiosas populares católicas.
650 _aEtnografía
_96183
650 _aCostumbres
_9230
650 _aCreencias
_96184
942 _2ddc
_cLIBROS
945 _aafb
_d2019-02-27